Normal view
MARC view
- Leishman, J. Gordon.
Entry Personal Name
001 - CONTROL NUMBER
- control field: 2122
003 - CONTROL NUMBER IDENTIFIER
- control field: NUST
005 - DATE AND TIME OF LATEST TRANSACTION
- control field: 20170607105454.0
008 - FIXED-LENGTH DATA ELEMENTS
- fixed length control field: 170607|| aca||aabn | a|a d
040 ## - CATALOGING SOURCE
- Original cataloging agency: NUST
- Transcribing agency: NUST
100 ## - HEADING--PERSONAL NAME
- Personal name: Leishman, J. Gordon.
670 ## - SOURCE DATA FOUND
- Source citation: Work cat.: (NUST)23754: Leishman, J. Gordon., Principles of helicopter aerodynamics /, 2006.
